|
|
|
|
| LEADER |
00000cam a2200000 4500 |
| 001 |
vtls011778941 |
| 003 |
SK-MaSNL |
| 005 |
20260302021417.0 |
| 008 |
200316s2018 xo da frnp 000 0 slo |
| 015 |
|
|
|a SNBA2019/07
|
| 020 |
|
|
|a 9788056105597
|q (brožované)
|
| 035 |
|
|
|a urn:nbn:sk:snk-am00diyx
|
| 035 |
|
|
|a urn:nbn:sk:snk-am3i3u6
|
| 035 |
|
|
|a EF2000CC-9D49-4633-90B3-1D57251027E7
|
| 040 |
|
|
|a SNK
|b slo
|c SNK
|e rda
|
| 041 |
0 |
|
|a slo
|
| 044 |
|
|
|a xo
|c SK
|
| 072 |
|
7 |
|a 364-1/-7
|x Druhy sociálnej pomoci a služieb
|2 konspekt
|
| 080 |
|
|
|a 364.662
|2 2011
|
| 080 |
|
|
|a 36
|2 2011
|
| 080 |
|
|
|a 364-782.4
|2 2011
|
| 080 |
|
|
|a 364
|2 2011
|
| 080 |
|
|
|a 316.346.32-053.9
|2 2011
|
| 080 |
|
|
|a 316.344.6-056.26/.3
|2 2011
|
| 080 |
|
|
|a (075.8)
|2 2011
|
| 100 |
1 |
|
|a Lešková, Lýdia,
|d 1966-
|4 aut
|9 159690
|
| 245 |
1 |
0 |
|a Sociálnoprávna ochrana a sociálna kuratela
|n I.
|p Sociálnoprávna ochrana ľudí
|c Lýdia Lešková
|
| 246 |
3 |
0 |
|a Sociálnoprávna ochrana ľudí
|
| 250 |
|
|
|a Prvé vydanie
|
| 264 |
|
1 |
|a Ružomberok
|b Verbum
|c 2018
|
| 300 |
|
|
|a 90 strán
|b grafy, tabuľky
|c 30 cm
|
| 336 |
|
|
|a text
|b txt
|2 rdacontent
|
| 337 |
|
|
|a bez média
|b n
|2 rdamedia
|
| 338 |
|
|
|a zväzok
|b nc
|2 rdacarrier
|
| 366 |
|
|
|e 100 kusov
|
| 504 |
|
|
|a Bibliografia na strane 81-87 ; bibliografické odkazy a poznámky
|
| 650 |
0 |
7 |
|a sociálna politika
|2 SNKPH
|9 2333
|
| 650 |
0 |
7 |
|a sociálnoprávna ochrana detí
|2 SNKPH
|9 88186
|
| 650 |
0 |
7 |
|a náhradná výchovná starostlivosť
|2 SNKPH
|9 112791
|
| 650 |
0 |
7 |
|a sociálne zabezpečenie
|2 SNKPH
|9 3720
|
| 650 |
0 |
7 |
|a seniori
|2 SNKPH
|9 117453
|
| 650 |
0 |
7 |
|a zdravotne postihnuté osoby
|2 SNKPH
|9 1249
|
| 650 |
0 |
7 |
|a Social-law children protection
|2 SNKPHeng
|9 275562
|
| 650 |
0 |
7 |
|a Social policy
|2 SNKPHeng
|9 310357
|
| 650 |
0 |
7 |
|a Substitute care
|2 SNKPHeng
|9 347448
|
| 650 |
0 |
7 |
|a Social security
|2 SNKPHeng
|9 267889
|
| 650 |
0 |
7 |
|a Aged
|2 SNKPHeng
|9 341603
|
| 650 |
0 |
7 |
|a Handicapped persons
|2 SNKPHeng
|9 268369
|
| 655 |
|
7 |
|a učebnice vysokých škôl
|2 SNKPH
|9 70191
|
| 655 |
|
7 |
|a Textbooks (higher)
|2 SNKPHeng
|9 276436
|
| 919 |
|
|
|a 978-80-561-0559-7
|
| 958 |
|
|
|a NB
|
| 999 |
|
|
|c 1028831
|d 1030761
|
| 952 |
|
|
|a SNK
|b SNK
|y PREZ
|7 0
|p 17A1351545
|o snkSB 93473/1
|i snk2018/27206
|8 0
|0 0
|1 0
|4 0
|d 2018-12-13
|f 1
|l 0
|r 2025-05-15 00:00:00
|w 2026-02-24
|
| 952 |
|
|
|a SNK
|b SNK
|y VYP
|7 0
|p 17A1351646
|o snkSB 93473/1 D1
|i snk2018/27207
|8 0
|0 0
|1 0
|4 0
|d 2018-12-13
|l 0
|r 2026-02-24 13:47:01
|w 2026-02-24
|
| 952 |
|
|
|t snkLES/1 316.624
|a SNKUST
|b SNKUST
|y PREZ
|7 0
|p 17A1126758
|o snkSB 93473/1 D2
|i snk2019/8522
|8 1
|0 0
|1 0
|4 0
|d 2019-03-27
|l 0
|r 2025-04-28 00:00:00
|w 2026-02-24
|